000 00360pam a2200157a 44500
008 230515b1972 xxu||||| |||| 00| 0 eng d
020 _aNULL
041 _aENGLISH
082 _a630
100 _a6557-1972
245 _aSPECIFICATION FOR ALBUMEN FLAKES NON EDIBLE QUALITY
250 _a0
260 _aDELHI
_bISI
_c1972
300 _a12
650 _aNULL
999 _c652103
_d652103